Using randomly amplified polymorphic DNA for evaluating genetic relationships among papaya cultivars (Record no. 71999)

MARC details
000 -LEADER
fixed length control field 00489nam a2200157Ia 4500
100 ## - MAIN ENTRY--AUTHOR NAME
Personal name Stiles J I
245 #0 - TITLE STATEMENT
Title Using randomly amplified polymorphic DNA for evaluating genetic relationships among papaya cultivars
260 ## - PUBLICATION, DISTRIBUTION, ETC. (IMPRINT)
Name of publisher Theoretical and Applied Genetics
Year of publication 1993
300 ## - PHYSICAL DESCRIPTION
Number of Pages 697-701
650 ## - SUBJECT ADDED ENTRY--TOPICAL TERM
Topical Term Carica papaya L
650 ## - SUBJECT ADDED ENTRY--TOPICAL TERM
Topical Term Genetic polymorphism
650 ## - SUBJECT ADDED ENTRY--TOPICAL TERM
Topical Term Polymerase chain reaction
650 ## - SUBJECT ADDED ENTRY--TOPICAL TERM
Topical Term RAPD
942 ## - ADDED ENTRY ELEMENTS (KOHA)
Koha item type Journals
Holdings
Withdrawn status Lost status Damaged status Not for loan Home library Current library Shelving location Date acquired Serial Enumeration / chronology Koha item type
      Journals RRII Library RRII Library Biotechnology 17/12/2021 Volume 85, Issue 07-Jun Journals